| 000 | 00990nam a22002777a 4500 | ||
|---|---|---|---|
| 003 | EG-ScBUE | ||
| 005 | 20220322125710.0 | ||
| 008 | 100203s1948 nyu f 00| 0beng d | ||
| 040 |
_aEG-ScBUE _beng _erda _cEG-ScBUE _dEG-ScBUE |
||
| 082 | 0 | 4 |
_222 _a875.1 _bSEL |
| 245 | 0 | 0 |
_aSelcted works of Cicero : _ba new translation / _cintroduction by Harry M. Hubbell. |
| 264 | 1 |
_aNew York : _bWalter J. Black, _c1948. |
|
| 300 |
_a385 pages ; _c15 cm |
||
| 336 |
_2rdacontent _atext _btxt |
||
| 337 |
_2rdamedia _aunmediated _bn |
||
| 338 |
_2rdacarrier _avolume _bnc |
||
| 600 | 0 | 7 |
_aCicero, Marcus Tullius _xCorrespondence. _2BUEsh |
| 650 | 7 |
_910894 _aStatesmen _zRome _xCorrespondence. _2BUEsh |
|
| 650 | 7 |
_aAuthors, Latin _xCorrespondence. _2BUEsh |
|
| 651 | _2BUEsh | ||
| 653 |
_bHHUUEENN _cMarch2022 |
||
| 655 |
_vReading book _934232 |
||
| 700 | 1 |
_aHubbell, H. M. _q(Harry Mortimer), _d1881-1971, _eauthor of introduction, etc. |
|
| 942 |
_2ddc _cBB |
||
| 999 |
_c13262 _d13262 |
||